Statistics for The best donuts in the US

Click here to take the quiz!

General Stats

  • This quiz has been taken 15 times
  • The average score is 7 of 15

Answer Stats

HintAnswer% Correct
Peter Pan Donut and...Brooklyn/New York
100%
Stan's DonutsLos Angeles
90%
Bob's DonutsSan Francisco
90%
Doughnut VaultChicago
80%
GlazedHouston
80%
The Holy DonutPortland/Maine
70%
District Donut Sliders BrewNew Orleans
60%
Voodoo DoughnutPortland/Oregon
60%
Astro Doughnuts...Washington/DC
50%
Rainbow BakeryBloomington/Indiana
20%
Holtman's DonutsCincinnati
20%
Allie's DonutsNorth Kingston/Rhode Island
10%
Donnie's DonutsOrmond Beach/Florida
0%
KNEAD DoughnutsProvidence
0%
Coffee AnWestport/Connecticut
0%

Score Distribution

Percentile by Number Answered

Percent of People with Each Score

Your Score History

You have not taken this quiz